| 000 | 00379nam a2200121Ia 4500 | ||
|---|---|---|---|
| 008 | 231207s9999 xx 000 0 und d | ||
| 020 | _a9780070605633 | ||
| 082 |
_a623.8223 _bSPU |
||
| 100 | _aSpurr, Daniel | ||
| 245 | 0 | _aYacht style: design and decor ideas from the world's finest yachts | |
| 260 |
_bInternational Marine/Ragged Mountain Press _aCanden _c1997 |
||
| 300 | _axi, 308p | ||
| 999 |
_c34394 _d34394 |
||